| 000 | 01006nac a22002171u 4500 | ||
|---|---|---|---|
| 010 | _a 2002013681 | ||
| 020 | _a0071400206 (hardcover : alk. paper) | ||
| 082 | 0 | 0 |
_a658.40353 _bM6471 |
| 090 |
_c2508 _d2508 |
||
| 100 | _aMiller, James D. | ||
| 245 | 1 | 0 |
_aGame theory at work : _bhow to use game theory to outthink and outmaneuver your competition / _cJames D. Miller. |
| 260 |
_aNew York : _bMcGraw-Hill, _c2003. |
||
| 300 |
_avii, 306 p. : _bill. ; _c24 cm. |
||
| 500 | _aShuaa. | ||
| 504 | _aIncludes bibliographical references (p. 293-298) and index. | ||
| 650 | 0 | _aManagement games. | |
| 856 | 4 | 2 |
_3Contributor biographical information _uhttp://www.loc.gov/catdir/bios/mh041/2002013681.html |
| 856 | 4 | 2 |
_3Publisher description _uhttp://www.loc.gov/catdir/description/mh031/2002013681.html |
| 942 |
_cBB _k658.40353 M6471 |
||
| 999 |
_c2508 _d2508 |
||